Highest Av. English League Attendances per Season Quiz Stats

 Plays Quiz not verified by Sporcle

Score 0/9 Timer 01:00
0 Plays Today
Times Club % Correct
50Manchester United
99%
12Arsenal
97.6%
7Liverpool
95.7%
10Chelsea
83.3%
10Newcastle United
82.8%
13Everton
81.8%
6Tottenham Hotspur
79.9%
3Manchester City
66.5%
7Aston Villa
66%

You're not logged in!

Compare scores with friends on all Sporcle quizzes.
Join for Free
OR
Log In

You Might Also Like...

Show Comments

Extras

Top Quizzes Today


Score Distribution

Your Account Isn't Verified!

In order to create a playlist on Sporcle, you need to verify the email address you used during registration. Go to your Sporcle Settings to finish the process.

Report this User

Report this user for behavior that violates our Community Guidelines.

Details: